Personnalités au hasard #28 - Statistiques

Statistiques générales
  • Ce quiz a été pris 194 fois
  • Le résultat moyen est 7 sur 32
Statistiques - réponses
Par images Réponse % Correct
Ségolène Royal
80%
Afida Turner
70%
Indila
70%
Édouard Baer
66%
Fabrice Luchini
63%
Cœur de pirate
60%
François Berléand
50%
Sigourney Weaver
34%
Gérémy Crédeville
31%
Halle Berry
30%
Moby
20%
Marina Carrère d'Encausse
18%
Raphaël Enthoven
18%
Antonio Vivaldi
15%
Bella Ramsey
13%
Jules Ferry
13%
Françoise Fabian
12%
Juliette Gréco
12%
Anne-Élisabeth Blateau
11%
Marina Rollman
9%
Colette
8%
Deng Xiaoping
6%
Klaus Meine
5%
François Pinault
4%
Patrice Alègre
4%
Valérie Donzelli
4%
Aja Naomi King
2%
Édouard Daladier
2%
Frank-Walter Steinmeier
2%
Grover Washington, Jr.
2%
Ramin Djawadi
2%
Eden Golan
1%
Aucun quiz correspondant
Distribution des résultats
% des personnes avec chaque résultat
Percentile par nombre de réponses
Votre historique - résultats
Vous n’avez pas pris ce quiz